Základy klinickej elektrokardiografie. /

Uložené v:
Podrobná bibliografia
Hlavný autor: Bada, Viliam, 1943- (Author)
Médium: Kniha
Jazyk:Slovak
Vydané: Bratislava : Univerzita Komenského, vydavateľstvo, 2002
Vydanie:3. preprac. vyd.
Témy:
ISBN: 8022317187 (brož.)
Fyzický popis: 123 s.
Tagy: Pridať tag
Žiadne tagy, Buďte prvý kto otaguje tento záznam!

MARC

LEADER 00000nam a2200000 a 4500
001 000080452
003 SVKK
005 20030324000000.0
008 030127s2002 xo e sloo
020 |a 8022317187 (brož.) 
040 |a SVKKK  |b slo  |c SVKKK  |e AACR2 
041 0 |a slo 
044 |a xo  |c SK 
080 |a 616.12-073.97(075.8)  |2 1997 
100 1 |a Bada, Viliam,  |d 1943-  |4 aut 
245 1 0 |a Základy klinickej elektrokardiografie. /  |c Viliam Bada 
250 |a 3. preprac. vyd. 
260 |a Bratislava :  |b Univerzita Komenského, vydavateľstvo,  |c 2002 
300 |a 123 s. 
653 0 |a elektrokardiografia klinická  |2 SVKKKPH 
653 0 |a učebnice VŠ  |2 SVKKKPH 
655 7 |a učebnice vysokých škôl  |2 SVKKKPH 
910 |a svkkk 
919 |a 80-223-1718-7 
974 |a UH  |d 20030304 
974 |a KL  |d 20030226 
974 |a MI  |d 20030324 
998 |a BK 
090 |g SCKHL  |k Sklad Hlavná 10 prízemie  |a V.209269  |j 950764  |i 2720046884  |s Absenčne